Statistics for Championship 23/24 longest total travel distance

Click here to take the quiz!

General Stats

  • This quiz has been taken 10 times
  • The average score is 8 of 10

Answer Stats

Distance (miles)Club% Correct
6013Plymouth
100%
4101Southampton
100%
4144Cardiff
89%
4396Norwich
89%
4890Sunderland
89%
4882Swansea
89%
4283Ipswich
78%
4290Middlesbrough
78%
3675Hull
67%
3678Millwall
67%

Score Distribution

Percentile by Number Answered

Percent of People with Each Score

Your Score History

You have not taken this quiz